Kinh tế các nước Asean

Sách gồm 11 chương đề cập tổng quan về ASEAN và kinh tế của từng nước nước trong khu vực ASEAN.

שמור ב:
מידע ביבליוגרפי
מחבר ראשי: Nguyễn, Thị Thúy Hồng
פורמט: ספר
שפה:Undetermined
יצא לאור: Hà Nội Giáo dục 2008
נושאים:
תגים: הוספת תג
אין תגיות, היה/י הראשונ/ה לתייג את הרשומה!
Thư viện lưu trữ: Trung tâm Học liệu Trường Đại học Cần Thơ
LEADER 00750nam a2200217Ia 4500
001 CTU_139806
008 210402s9999 xx 000 0 und d
020 |c 34000 
082 |a 330.959 
082 |b H455 
100 |a Nguyễn, Thị Thúy Hồng 
245 0 |a Kinh tế các nước Asean 
245 0 |c Nguyễn Thị Thúy Hồng 
260 |a Hà Nội 
260 |b Giáo dục 
260 |c 2008 
520 |a Sách gồm 11 chương đề cập tổng quan về ASEAN và kinh tế của từng nước nước trong khu vực ASEAN. 
650 |a Asean,Economics 
650 |x Economics aspects,Southest Asia 
904 |i Giang 
980 |a Trung tâm Học liệu Trường Đại học Cần Thơ